Normal view
MARC view
- Berry, Arthur
Entry Personal Name
001 - CONTROL NUMBER
- control field: 39533
003 - CONTROL NUMBER IDENTIFIER
- control field: NUST
005 - DATE AND TIME OF LATEST TRANSACTION
- control field: 20210314131455.0
008 - FIXED-LENGTH DATA ELEMENTS
- fixed length control field: 210314|| aca||aabn | a|a d
040 ## - CATALOGING SOURCE
- Original cataloging agency: NUST
- Transcribing agency: NUST
100 ## - HEADING--PERSONAL NAME
- Personal name: Berry, Arthur
670 ## - SOURCE DATA FOUND
- Source citation: Work cat.: (NUST): Berry, Arthur,, A short history of astronomy :, 1961.
